Acteurs en K (par images). - Statistiques

Statistiques générales
  • Ce quiz a été pris 385 fois
  • Le résultat moyen est 6 sur 16
Statistiques - réponses
Par images Réponse % Correct
Keira Knightley
67%
Mathieu Kassovitz
63%
Nicole Kidman
63%
Kyan Khojandi
58%
Sandrine Kiberlain
54%
Ashton Kutcher
47%
Diane Kruger
45%
Michael Keaton
43%
Reda Kateb
36%
Ben Kingsley
32%
Grace Kelly
28%
Val Kilmer
27%
Harvey Keitel
19%
Tchéky Karyo
19%
Daniel Kaluuya
14%
Vanessa Kirby
12%
Aucun quiz correspondant
Distribution des résultats
% des personnes avec chaque résultat
Percentile par nombre de réponses
Votre historique - résultats
Vous n’avez pas pris ce quiz